LEADER 02465nam0 2200433 i 450 001 VAN0020906 005 20230721123312.917 010 $a88-207-1493-0 010 $a978-88-207-1493-2 100 $a20040727d1996 |0itac50 ba 101 $aita 102 $aIT 105 $a|||| ||||| 200 1 $aFisica 1. : meccanica, termodinamica$ecorso di fisica per le facoltà scientifiche corredato di esempi ed esercizi$fCorrado Mencuccini, Vittorio Silvestrini 205 $a3. ed 210 $aNapoli$cLiguori$d1996 215 $aXIII, 780 p.$cill.$d27 cm 410 1$1001VAN0032951$12001 $aArgomenti di fisica$1210 $aNapoli$cLiguori 606 $a70-XX$xMechanics of particles and systems [MSC 2020]$3VANC021390$2MF 606 $a00A79 (77-XX)$xPhysics [MSC 2020]$3VANC023182$2MF 606 $a74A15$xThermodynamics in solid mechanics [MSC 2020]$3VANC023449$2MF 620 $dNapoli$3VANL000005 676 $a530$cFisica$v22 676 $a531$cMeccanica classica$v22 676 $a536.7$cTermodinamica$v22 700 1$aMencuccini$bCorrado$3VANV017153$0332090 701 1$aSilvestrini$bVittorio$3VANV017154$0359 712 $aLiguori $3VANV107934$4650 801 $aIT$bSOL$c20240607$gRICA 899 $aBIBLIOTECA DEL DIPARTIMENTO DI MATEMATICA E FISICA$1IT-CE0120$2VAN08 912 $aVAN0020906 950 $aBIBLIOTECA DEL DIPARTIMENTO DI MATEMATICA E FISICA$d08CONS 77-XX 2703 $e08 3779 II 20101011 950 $aBIBLIOTECA DEL DIPARTIMENTO DI SCIENZE E TECNOLOGIE AMBIENTALI BIOLOGICHE E FARMACEUTICHE$d17CONS Fa13 $e17FSA152 20040727 $sSottolineato 950 $aBIBLIOTECA DEL DIPARTIMENTO DI INGEGNERIA$d05PREST A 031 $e05 1529 20041129 950 $aBIBLIOTECA DEL DIPARTIMENTO DI INGEGNERIA$d05PREST A 063 $e05 2971 20041206 950 $aBIBLIOTECA DEL DIPARTIMENTO DI INGEGNERIA$d05PREST A 681 $e05UBI1988 20240604 950 $aBIBLIOTECA DEL DIPARTIMENTO DI SCIENZE E TECNOLOGIE AMBIENTALI BIOLOGICHE E FARMACEUTICHE$d17PREST Fa12 $e17FSA153 20040727 $sSottolineato 996 $aFisica 1. : meccanica, termodinamica$91521493 997 $aUNICAMPANIA